Curriculum improvement in Secondary Education: report of the seminar held from 8th to 12th Dec., 1965/ (Record no. 17295)
[ view plain ]
| 000 -LEADER | |
|---|---|
| fixed length control field | 00433nam a2200133Ia 4500 |
| 008 - FIXED-LENGTH DATA ELEMENTS--GENERAL INFORMATION | |
| fixed length control field | 190923s9999||||xx |||||||||||||| ||und|| |
| 100 ## - MAIN ENTRY--AUTHOR NAME | |
| Personal name | Patel, A. S., ed. |
| 245 #0 - TITLE STATEMENT | |
| Title | Curriculum improvement in Secondary Education: report of the seminar held from 8th to 12th Dec., 1965/ |
| 260 ## - PUBLICATION, DISTRIBUTION, ETC. (IMPRINT) | |
| Place of publication | Baroda: |
| Name of publisher | Centre of advanced Study in Education, |
| Year of publication | 1965 |
| 300 ## - PHYSICAL DESCRIPTION | |
| Number of Pages | viii, 125 |
| 650 ## - SUBJECT ADDED ENTRY--TOPICAL TERM | |
| Topical Term | Curriculum |
| 942 ## - ADDED ENTRY ELEMENTS (KOHA) | |
| Koha item type | Withdrawan |
| Lost status | Damaged status | Not for loan | Permanent Location | Current Location | Shelving location | Date acquired | Cost, normal purchase price | Full call number | Accession Number | Koha item type |
|---|---|---|---|---|---|---|---|---|---|---|
| RIE AJMER LIBRARY | RIE AJMER LIBRARY | Withdrawn | 2019-09-24 | 2.00 | 375 PAT-C | 21377 | Withdrawan |
